000 010150000a22002050004500
020 _a0-15-100101-4
082 0 4 _aG 282.0922 E43t
100 1 _aElie, Paul., (Editor)
245 1 0 _aA tremor of bliss : Contemporary writers on the saints / Edited by Paul Elie
260 _aNew York : Harcourt Brace
300 _axxv, 325 páginas
501 _aPasta dura
505 0 0 _aEscritores contemporáneos sobre los santos - San Francisco de Asis - Santa Caterina de Siena - San David, el santo patrón de Gales - Santa Perpetua - Santo Tomás de Aquino - San Roberto Bellarmine - San Ignacio de Loyola - Santa Teresa de Ávila - San Juan de la Cruz - San Juan de Brébeuf - San Lázaro - San José - Santo Tomás, apóstol - Las vírgenes mártires - Nuestra señora de Guadalupe - Dorothy Day - San Lorenzo
650 1 4 _aIglesia Católica \ Biografías de santos
001 19211
942 _cBK
999 _c45582
_d45582
336 _atexto
_btxt
_2rdacontent
337 _2rdamedia
_asin mediación
_bn
338 _2rdacarrier
_avolumen
_bnc